000
00272nam a2200097Ia 4500
001
644447
005
20250826153605.0
008
250824s9999 xx 000 0 und d
245
0
_a
Ateş Hakkında Hemen Hemen Her Şey
_c
Bob Harvey, Felicia Law
260
_b
TÜBİTAK YAYINLARI
999
_c
644447
_d
644447